<?xml version="1.0" encoding="UTF-8"?><?xml-stylesheet type="text/xsl" href="static/style.xsl"?><OAI-PMH xmlns="http://www.openarchives.org/OAI/2.0/" xmlns:xsi="http://www.w3.org/2001/XMLSchema-instance" xsi:schemaLocation="http://www.openarchives.org/OAI/2.0/ http://www.openarchives.org/OAI/2.0/OAI-PMH.xsd"><responseDate>2026-04-17T11:29:59Z</responseDate><request verb="GetRecord" identifier="oai:www.recercat.cat:10230/53582" metadataPrefix="marc">https://recercat.cat/oai/request</request><GetRecord><record><header><identifier>oai:recercat.cat:10230/53582</identifier><datestamp>2025-12-19T20:26:00Z</datestamp><setSpec>com_2072_6</setSpec><setSpec>col_2072_452954</setSpec></header><metadata><record xmlns="http://www.loc.gov/MARC21/slim" xmlns:dcterms="http://purl.org/dc/terms/" xmlns:xsi="http://www.w3.org/2001/XMLSchema-instance" xmlns:doc="http://www.lyncode.com/xoai" xsi:schemaLocation="http://www.loc.gov/MARC21/slim http://www.loc.gov/standards/marcxml/schema/MARC21slim.xsd">
   <leader>00925njm 22002777a 4500</leader>
   <datafield ind2=" " ind1=" " tag="042">
      <subfield code="a">dc</subfield>
   </datafield>
   <datafield ind2=" " ind1=" " tag="720">
      <subfield code="a">Màrquez Postigo, Sandra</subfield>
      <subfield code="e">author</subfield>
   </datafield>
   <datafield ind2=" " ind1=" " tag="260">
      <subfield code="c">2022-06-23T09:58:27Z</subfield>
   </datafield>
   <datafield ind2=" " ind1=" " tag="260">
      <subfield code="c">2022-06-23T09:58:27Z</subfield>
   </datafield>
   <datafield ind2=" " ind1=" " tag="260">
      <subfield code="c">2022</subfield>
   </datafield>
   <datafield ind2=" " ind1=" " tag="520">
      <subfield code="a">Treball de Fi de Màster en Criminologia i Execució Penal. Curs 2021-2022</subfield>
   </datafield>
   <datafield ind2=" " ind1=" " tag="520">
      <subfield code="a">Tutora: Ester Blay Gil</subfield>
   </datafield>
   <datafield ind2=" " ind1=" " tag="520">
      <subfield code="a">Els esforços de reforma del sector públic per combatre la corrupció i, en aquest cas, el comportament poc ètic, s&amp;apos;han centrat en mesures de control i compliment, entre les quals destaca l’adopció de codis ètics formals, tot i l’escàs consens sobre la seva eficàcia. Encara que ha rebut poc protagonisme, la perspectiva criminològica té molt a aportar en l’explicació i prevenció de conductes antiètiques (i corruptes). En aquest sentit, aquesta investigació, duta a terme mitjançant una enquesta pilot al professorat d’Universitats catalanes (n = 26), pretén estudiar la percepció d’efectivitat del Codi ètic del servei públic de Catalunya (2021) des de la citada disciplina. Tot i l’escassa mostra (i consegüent impossibilitat de generalitzar els resultats), s’evidencia l’efecte limitat (i quasi simbòlic) que tenen els codis ètics en quant a la percepció d’efectivitat per prevenir conductes poc ètiques, en comparació amb el potencial explicatiu de teories criminològiques com l’associació diferencial, la prevenció situacional o les tècniques de neutralització.</subfield>
   </datafield>
   <datafield ind2=" " ind1=" " tag="520">
      <subfield code="a">Public sector reform efforts to combat corruption and, in this case, unethical behaviour, have focused on control and compliance measures, including the adoption of formal ethical codes, despite the little consensus on their effectiveness. Albeit it has received little attention, the criminological perspective has much to contribute to explaining and preventing unethical (and corrupt) behaviour. In this sense, this research, conducted by means of a pilot survey of Catalan university lecturers (n = 26), aims to study the perception of effectiveness of the Catalan Public Service Code of Ethics (2021) from the aforementioned discipline. Notwithstanding the small sample (and thus the impossibility of generalising these findings), the limited (and almost symbolic) effect ethical codes have on the perception of their&#xd;
effectiveness in preventing unethical behaviour is blatant, compared to the explanatory potential of criminological theories such as differential association, situational prevention or neutralisation techniques.</subfield>
   </datafield>
   <datafield tag="653" ind2=" " ind1=" ">
      <subfield code="a">Treball de fi de màster – Curs 2021-2022</subfield>
   </datafield>
   <datafield tag="653" ind2=" " ind1=" ">
      <subfield code="a">Codis ètics (formals)</subfield>
   </datafield>
   <datafield tag="653" ind2=" " ind1=" ">
      <subfield code="a">Percepció d’efectivitat</subfield>
   </datafield>
   <datafield tag="653" ind2=" " ind1=" ">
      <subfield code="a">Perspectiva criminològica</subfield>
   </datafield>
   <datafield tag="653" ind2=" " ind1=" ">
      <subfield code="a">Prevenció de conductes/comportaments poc ètics (o antiètics)</subfield>
   </datafield>
   <datafield tag="653" ind2=" " ind1=" ">
      <subfield code="a">Comitès ètics</subfield>
   </datafield>
   <datafield tag="653" ind2=" " ind1=" ">
      <subfield code="a">Ethical codes</subfield>
   </datafield>
   <datafield tag="653" ind2=" " ind1=" ">
      <subfield code="a">Perception of effectiveness</subfield>
   </datafield>
   <datafield tag="653" ind2=" " ind1=" ">
      <subfield code="a">Criminological perspective</subfield>
   </datafield>
   <datafield tag="653" ind2=" " ind1=" ">
      <subfield code="a">Prevention of unethical behaviour</subfield>
   </datafield>
   <datafield tag="653" ind2=" " ind1=" ">
      <subfield code="a">Ethical committees</subfield>
   </datafield>
   <datafield ind2="0" ind1="0" tag="245">
      <subfield code="a">Poden servir els codis ètics per prevenir la corrupció? : estudi exploratori de la percepció d’efectivitat del codi ètic del servei públic de Catalunya (2021)</subfield>
   </datafield>
</record></metadata></record></GetRecord></OAI-PMH>